00521nam a2200193Ia 4500008004100000020001400041050001400055100002000069245004700089245005800136260001500194260001600209260000900225300001400234300002700248300001000275440003400285500000800319170918s9999 xx 000 0 und d a439221129 bB167 2001 aBaker, Courtney aLet's read about Martin Luther King, Jr. / cCourtney Baker ; illustrated by Cornelius Van Wright. aNew York : bScholastic, c2001 aunpaged : bcolored illustration ; c23cm. aScholastic first biographies. a380